000 00864cam a22002411 4500
001 gs 58000030
003 DLC
005 20260227111406.0
008 850429s1957 ua ab s000 0 eng
010 _ags 58000030
035 _a(OCoLC)11978153
040 _aDLC
_cWU
_dDLC
042 _apremarc
050 0 0 _aQE328
_b.A45 1957
110 2 _aMisāḥah al-Jiyūlūjīyah al-Miṣrīyah.
245 1 0 _aGeology of Umm Salatît-el-Hisinât district
_b(Barrâmîya East sheet)
_cBy M. Saber Mansour, F. A. Bassyuni, D. M. al-Far.
260 _aCairo,
_c1957.
300 _a43, [1] p.;[6] p.
_billus., maps (part fold., part col.) diagrs.
_c28 cm.
500 _aAdded t.p. and summary in Arabic.
504 _a"References": p. [44]
650 0 _aGeology
_zEgypt
_zUmm Salatît-el-Hisinât district.
700 1 _aManṣūr, Muḥammad Ṣābir Musṭafā,
_d1922-
999 _c29207
_d29207